000 00527nam a2200193Ia 4500
005 20250326143553.0
008 250326s9999 xx 000 0 und d
020 _a81-7881-171-5
037 _aTextbook
040 _aFMSL
_beng
_cFMSL
041 _aeng
_2eng
084 _aX65 P4
_qFMSL
100 _aMadapati R S
_9748214
245 0 _aHedge funds : concepts and cases
_cMadapati R S
260 _aIndia
_bIndia, ICFAI University
_c2004
300 _a201p
942 _cTB
_hX65 P4
999 _c1300114
_d1300114